[Event "American Continental 19th"]
[Site "Foz do Iguacu"]
[Date "2025.05.24"]
[Round "2"]
[White "Silva, Caio Henrique Angel"]
[Black "Garmendia Vega, Gabriel"]
[Result "0-1"]
[WhiteElo "2261"]
[BlackElo "2100"]
[PlyCount "126"]
[EventDate "2025.05.23"]
[EventType "swiss"]
[EventRounds "11"]
[EventCountry "BRA"]
[SourceTitle "CB23_2025"]
[SourceDate "2025.06.04"]
[SourceVersion "1"]
[SourceVersionDate "2025.06.04"]
[SourceQuality "1"]

1. d4 d5 2. c4 e6 3. Nf3 c5 4. cxd5 exd5 5. g3 Nf6 6. Bg2 Nc6 7. 0-0 Be7 8. dxc5 Bxc5 9. a3 Ne4 10. b4 Be7 11. Bb2 Bf6 12. Ra2 Bxb2 13. Rxb2 Qf6 14. Rc2 Be6 15. b5 Na5 16. Qd4 0-0 17. Rfc1 h6 18. Qxf6 Nxf6 19. Nd4 a6 20. a4 axb5 21. axb5 Rfc8 22. Nxe6 Rxc2 23. Rxc2 fxe6 24. Bh3 Re8 25. Nd2 Kf7 26. f4 Ke7 27. Kf2 Kd6 28. e4 Nxe4+ 29. Nxe4+ dxe4 30. Ke3 Nb3 31. Kxe4 Nc5+ 32. Kd4 e5+ 33. Kc4 b6 34. Rd2+ Kc7 35. fxe5 Rxe5 36. Rf2 Kd6 37. Rd2+ Ke7 38. Bg2 Nd7 39. Bc6 Nb8 40. Bd5 Nd7 41. Ra2 Kd6 42. Ra7 Rh5 43. h4 Ne5+ 44. Kd4 g5 45. hxg5 Rxg5 46. Rh7 Rg4+ 47. Be4 Nf3+ 48. Ke3 Rxe4+ 49. Kxf3 Re6 50. Kg4 Rg6+ 51. Kf5 Rxg3 52. Rxh6+ Kc5 53. Rh5 Rb3 54. Ke4+ Kc4 55. Rh6 Rxb5 56. Rc6+ Kb3 57. Kd4 Rb4+ 58. Kd5 Ka4 59. Rc1 Kb5 60. Ra1 Rb2 61. Kd4 Kb4 62. Kd3 b5 63. Ra8 Kb3 0-1

[Event "Santiago 2.5"]
[Site "Santiago de Chile"]
[Date "2025.03.14"]
[Round "8"]
[White "Spata, German"]
[Black "Garmendia Vega, Gabriel"]
[Result "1-0"]
[WhiteElo "2398"]
[BlackElo "2047"]
[PlyCount "47"]
[EventDate "2025.03.09"]
[EventType "swiss"]
[EventRounds "9"]
[EventCountry "CHI"]
[SourceTitle "CB12_2025"]
[SourceDate "2025.03.19"]
[SourceVersion "1"]
[SourceVersionDate "2025.03.19"]
[SourceQuality "1"]

1. e4 d5 2. exd5 Nf6 3. d4 Bg4 4. Bb5+ Nbd7 5. f3 Bf5 6. c4 e6 7. dxe6 Bxe6 8. d5 Bb4+ 9. Bd2 Bxd2+ 10. Qxd2 Bf5 11. Ne2 0-0 12. Bxd7 Qxd7 13. Nbc3 c6 14. 0-0 Rad8 15. Rad1 cxd5 16. Nxd5 Nxd5 17. cxd5 h5 18. Qg5 g6 19. Nf4 Kh7 20. Qf6 Rfe8 21. h3 Re3 22. g4 hxg4 23. hxg4 Be4 24. Rd2 1-0

[Event "Santiago 2.5"]
[Site "Santiago de Chile"]
[Date "2025.03.12"]
[Round "6"]
[White "Amigo Quintana, Antu"]
[Black "Garmendia Vega, Gabriel"]
[Result "1/2-1/2"]
[WhiteElo "2199"]
[BlackElo "2047"]
[PlyCount "64"]
[EventDate "2025.03.09"]
[EventType "swiss"]
[EventRounds "9"]
[EventCountry "CHI"]
[SourceTitle "CB12_2025"]
[SourceDate "2025.03.19"]
[SourceVersion "1"]
[SourceVersionDate "2025.03.19"]
[SourceQuality "1"]

1. d4 Nf6 2. c4 g6 3. Nc3 d5 4. cxd5 Nxd5 5. e4 Nxc3 6. bxc3 Bg7 7. Nf3 c5 8. Rb1 0-0 9. Be2 cxd4 10. cxd4 Qa5+ 11. Bd2 Qxa2 12. 0-0 Bg4 13. Bg5 h6 14. Be3 Nc6 15. d5 Na5 16. Bc5 Bf6 17. e5 Bxe5 18. Rb4 Bxf3 19. Bxf3 Rfc8 20. Ra4 Qb3 21. Rxa5 Qxd1 22. Rxd1 b6 23. Bxb6 axb6 24. Rxa8 Rxa8 25. d6 Re8 26. d7 Rd8 27. Bb7 e6 28. Bc8 Kf8 29. Kf1 Ke7 30. Ke2 Bd6 31. Rb1 Bc5 32. Ra1 Rxd7 1/2-1/2

[Event "Santiago 2.5"]
[Site "Santiago de Chile"]
[Date "2025.03.12"]
[Round "5"]
[White "Garmendia Vega, Gabriel"]
[Black "Carbone, Diego"]
[Result "1-0"]
[WhiteElo "2047"]
[BlackElo "2222"]
[PlyCount "81"]
[EventDate "2025.03.09"]
[EventType "swiss"]
[EventRounds "9"]
[EventCountry "CHI"]
[SourceTitle "CB12_2025"]
[SourceDate "2025.03.19"]
[SourceVersion "1"]
[SourceVersionDate "2025.03.19"]
[SourceQuality "1"]

1. d4 Nf6 2. c4 e6 3. Nc3 d5 4. cxd5 exd5 5. Bg5 Bb4 6. e3 h6 7. Bh4 g5 8. Bg3 h5 9. Be5 Nbd7 10. Bxf6 Qxf6 11. h4 c6 12. hxg5 Qxg5 13. Nh3 Qf6 14. Nf4 h4 15. Bd3 Bd6 16. Qf3 Nb6 17. 0-0-0 Qg5 18. Nh3 Qg7 19. Qe2 Be6 20. e4 0-0-0 21. e5 Be7 22. Rdf1 Rdg8 23. Rhg1 Qh6+ 24. Kb1 Rxg2 25. Rxg2 Bxh3 26. Rh2 Bxf1 27. Qg4+ Qe6 28. Qxe6+ fxe6 29. Bxf1 Rg8 30. Bh3 Rg1+ 31. Kc2 Kd7 32. Ne2 Ra1 33. Nf4 Rxa2 34. Kb1 Ra5 35. Nxe6 Nc4 36. f4 Bb4 37. Rg2 Nd2+ 38. Kc2 Ra1 39. Rg7+ Ke8 40. Bg4 Be7 41. Kxd2 1-0

[Event "Santiago 2.5"]
[Site "Santiago de Chile"]
[Date "2025.03.11"]
[Round "4"]
[White "Garmendia Vega, Gabriel"]
[Black "Greau Carreno, Rodrigo Alberto"]
[Result "1-0"]
[WhiteElo "2047"]
[BlackElo "1851"]
[PlyCount "65"]
[EventDate "2025.03.09"]
[EventType "swiss"]
[EventRounds "9"]
[EventCountry "CHI"]
[SourceTitle "CB12_2025"]
[SourceDate "2025.03.19"]
[SourceVersion "1"]
[SourceVersionDate "2025.03.19"]
[SourceQuality "1"]

1. e4 c5 2. Nf3 e6 3. d4 cxd4 4. Nxd4 a6 5. c4 Qc7 6. Nc3 Nf6 7. a3 Nc6 8. Be3 Nxd4 9. Bxd4 Bd6 10. Be2 Be5 11. h3 Qd6 12. Bxe5 Qxe5 13. Qd3 b6 14. 0-0 Bb7 15. f4 Qc5+ 16. Kh1 d6 17. Rad1 0-0 18. b4 Qc8 19. e5 dxe5 20. fxe5 Ne8 21. Ne4 Qc7 22. Nd6 Rd8 23. Qg3 Nxd6 24. exd6 Qc8 25. Qe3 Qb8 26. c5 Rd7 27. Bf3 Rc8 28. Rc1 Bxf3 29. Qxf3 h6 30. c6 Rxd6 31. Qxf7+ Kh7 32. Qb7 Rdd8 33. Qxb8 1-0

[Event "Titled Tuesday intern op 16th Jul Late"]
[Site "Chess.com INT"]
[Date "2024.07.16"]
[Round "7"]
[White "Estrada Nieto, Julian"]
[Black "Garmendia Vega, Gabriel"]
[Result "0-1"]
[WhiteElo "2218"]
[BlackElo "2019"]
[PlyCount "112"]
[EventDate "2024.07.16"]
[EventType "swiss (blitz)"]
[EventRounds "11"]
[EventCountry "USA"]
[SourceTitle "EXT 2025"]
[Source "ChessBase"]
[SourceDate "2024.10.14"]
[SourceVersion "1"]
[SourceVersionDate "2024.10.14"]
[SourceQuality "1"]

1. e4 c5 2. Nf3 e6 3. g3 Nc6 4. Bg2 Nf6 5. Qe2 Be7 6. 0-0 0-0 7. c3 d5 8. e5 Nd7 9. d4 f6 10. exf6 Nxf6 11. dxc5 Bxc5 12. Be3 Qb6 13. Bxc5 Qxc5 14. Nbd2 Bd7 15. Nb3 Qb6 16. Nbd4 Rae8 17. Rfe1 e5 18. Nxc6 bxc6 19. Nxe5 Bg4 20. Qd2 Bf5 21. Qd4 Qxb2 22. Nxc6 Be4 23. f3 Bg6 24. Ne7+ Rxe7 25. Rxe7 Qxa1+ 26. Bf1 Re8 27. Qxa7 Rxe7 28. Qxe7 Bd3 29. Qe6+ Kf8 30. Qc8+ Kf7 31. Qh3 Qxc3 32. Bxd3 Qxd3 33. g4 Qb1+ 34. Kf2 Qxa2+ 35. Kg3 h6 36. Qf1 Qc4 37. Qb1 Qc7+ 38. Kg2 Qd7 39. h4 g5 40. h5 d4 41. Qg6+ Ke6 42. Qf5+ Ke7 43. Kf1 Qxf5 44. gxf5 Kd6 45. Ke2 Ke5 46. Kd3 Kxf5 47. Kxd4 Kf4 48. Kc5 Kxf3 49. Kd6 Nxh5 50. Ke6 g4 51. Kf7 g3 52. Kg6 g2 53. Kxh5 g1Q 54. Kxh6 Kf4 55. Kh7 Kf5 56. Kh8 Kf6 0-1

[Event "Titled Tuesday intern op 16th Jul Late"]
[Site "Chess.com INT"]
[Date "2024.07.16"]
[Round "2"]
[White "Garmendia Vega, Gabriel"]
[Black "Bold, Andre"]
[Result "1-0"]
[WhiteElo "2019"]
[BlackElo "2215"]
[PlyCount "189"]
[EventDate "2024.07.16"]
[EventType "swiss (blitz)"]
[EventRounds "11"]
[EventCountry "USA"]
[SourceTitle "EXT 2025"]
[Source "ChessBase"]
[SourceDate "2024.10.14"]
[SourceVersion "1"]
[SourceVersionDate "2024.10.14"]
[SourceQuality "1"]

1. d4 d5 2. Bf4 Nf6 3. e3 c5 4. c3 Nc6 5. Nd2 Bf5 6. Ngf3 e6 7. Bb5 Qb6 8. Qa4 Nd7 9. 0-0 a6 10. Bxc6 Qxc6 11. Qxc6 bxc6 12. a3 Be7 13. b4 c4 14. a4 0-0 15. Ne5 Nxe5 16. Bxe5 f6 17. Bg3 Bd3 18. Rfe1 Kf7 19. e4 a5 20. b5 cxb5 21. axb5 a4 22. b6 a3 23. b7 Rab8 24. Bxb8 Rxb8 25. exd5 exd5 26. Nb1 Rxb7 27. Nxa3 Rb3 28. Nb1 Bxb1 29. Raxb1 Rxc3 30. Rb7 Kg6 31. Rbxe7 Rd3 32. Kf1 Rxd4 33. Ke2 Rg4 34. Kf3 Rg5 35. g4 h5 36. h3 hxg4+ 37. hxg4 d4 38. Rd7 Rc5 39. Rxd4 c3 40. Rc1 Kg5 41. Kg3 c2 42. f4+ Kg6 43. Rd2 Rc3+ 44. Kg2 Rc4 45. Rcxc2 Rxf4 46. Kg3 Ra4 47. Rd7 Kh6 48. Rcc7 Ra3+ 49. Kg2 Ra2+ 50. Kg3 Ra3+ 51. Kg2 Ra2+ 52. Kf3 Ra3+ 53. Kf4 Ra4+ 54. Kf3 Ra3+ 55. Ke2 Ra2+ 56. Rd2 Ra4 57. g5+ fxg5 58. Rd6+ g6 59. Rcc6 Kh5 60. Rxg6 Ra2+ 61. Kf3 Ra3+ 62. Kg2 Ra2+ 63. Kf1 Ra1+ 64. Ke2 Ra2+ 65. Kd3 Ra3+ 66. Kc2 Ra2+ 67. Kb3 Rf2 68. Rh6+ Kg4 69. Rc4+ Kg3 70. Rg6 Rf5 71. Kb4 Re5 72. Rc5 Re4+ 73. Rc4 Re5 74. Rc5 Re4+ 75. Kc3 g4 76. Kd3 Rf4 77. Rc4 Rf3+ 78. Ke2 Rf2+ 79. Ke1 Ra2 80. Rcxg4+ Kf3 81. Rg3+ Kf4 82. R6g4+ Kf5 83. Rh4 Ra1+ 84. Kf2 Ra2+ 85. Kg1 Ra1+ 86. Kh2 Ra2+ 87. Rg2 Ra1 88. Rh3 Kf4 89. Rh8 Rb1 90. Rf8+ Ke5 91. Re2+ Kd4 92. Rd8+ Kc3 93. Re7 Rb2+ 94. Kg3 Rb7 95. Rxb7 1-0

[Event "Titled Tuesday intern op 16th Jul Early"]
[Site "Chess.com INT"]
[Date "2024.07.16"]
[Round "9"]
[White "Garmendia Vega, Gabriel"]
[Black "Sickmann, Lisa"]
[Result "0-1"]
[WhiteElo "2019"]
[BlackElo "1927"]
[PlyCount "20"]
[EventDate "2024.07.16"]
[EventType "swiss (blitz)"]
[EventRounds "11"]
[EventCountry "USA"]
[SourceTitle "EXT 2025"]
[Source "ChessBase"]
[SourceDate "2024.10.14"]
[SourceVersion "1"]
[SourceVersionDate "2024.10.14"]
[SourceQuality "1"]

1. d4 Nf6 2. Bf4 d5 3. e3 c5 4. c3 Nc6 5. Nd2 Qb6 6. Rb1 Bf5 7. Rc1 Qxb2 8. Qb3 Qxc1+ 9. Ke2 b6 10. Ngf3 Bc2 0-1

[Event "Titled Tuesday intern op 16th Jul Early"]
[Site "Chess.com INT"]
[Date "2024.07.16"]
[Round "10"]
[White "Guevara Sanchez, Erick Marvin"]
[Black "Garmendia Vega, Gabriel"]
[Result "1-0"]
[WhiteElo "2040"]
[BlackElo "2019"]
[PlyCount "123"]
[EventDate "2024.07.16"]
[EventType "swiss (blitz)"]
[EventRounds "11"]
[EventCountry "USA"]
[SourceTitle "EXT 2025"]
[Source "ChessBase"]
[SourceDate "2024.10.14"]
[SourceVersion "1"]
[SourceVersionDate "2024.10.14"]
[SourceQuality "1"]

1. e4 c5 2. Nf3 e6 3. d4 cxd4 4. Nxd4 Bc5 5. Be3 Qb6 6. Nb3 Bxe3 7. fxe3 Qxe3+ 8. Qe2 Qxe2+ 9. Bxe2 Nc6 10. Nc3 Nf6 11. 0-0 0-0 12. a3 d5 13. exd5 exd5 14. Rad1 Be6 15. Bf3 Rfd8 16. Nd4 Rac8 17. Rd2 Ne5 18. Be2 Nc4 19. Bxc4 dxc4 20. Rfd1 Bg4 21. Nde2 Re8 22. Kf2 Bxe2 23. Rxe2 Rxe2+ 24. Kxe2 Re8+ 25. Kf3 Kf8 26. Rd4 Rc8 27. Ne4 Nxe4 28. Kxe4 Ke7 29. Rd5 g6 30. Kd4 b6 31. a4 f5 32. Re5+ Kf6 33. Re3 f4 34. Rc3 Kf5 35. h3 g5 36. a5 h5 37. axb6 axb6 38. Rxc4 Rxc4+ 39. Kxc4 g4 40. hxg4+ hxg4 41. Kd3 Ke5 42. c3 g3 43. Ke2 Ke4 44. b3 b5 45. c4 bxc4 46. bxc4 Kd4 47. Kf3 Kxc4 48. Kxf4 Kd4 49. Kxg3 Ke5 50. Kg4 Kf6 51. Kh5 Kg7 52. Kg5 Kf7 53. g3 Kg7 54. g4 Kf7 55. Kh6 Kg8 56. Kg6 Kh8 57. g5 Kg8 58. Kf6 Kf8 59. g6 Kg8 60. g7 Kh7 61. Kf7 Kh6 62. g8Q 1-0

[Event "Titled Tuesday intern op 16th Jul Early"]
[Site "Chess.com INT"]
[Date "2024.07.16"]
[Round "8"]
[White "Persson, Richard"]
[Black "Garmendia Vega, Gabriel"]
[Result "1-0"]
[WhiteElo "2106"]
[BlackElo "2019"]
[PlyCount "79"]
[EventDate "2024.07.16"]
[EventType "swiss (blitz)"]
[EventRounds "11"]
[EventCountry "USA"]
[SourceTitle "EXT 2025"]
[Source "ChessBase"]
[SourceDate "2024.10.14"]
[SourceVersion "1"]
[SourceVersionDate "2024.10.14"]
[SourceQuality "1"]

1. e4 c5 2. Nf3 e6 3. d4 cxd4 4. Nxd4 Bc5 5. Nc3 Qb6 6. Na4 Qa5+ 7. c3 Bxd4 8. Qxd4 Nf6 9. Nc5 Nc6 10. Qd6 b6 11. Nb3 Nxe4 12. Qxc6 dxc6 13. Nxa5 bxa5 14. Be3 0-0 15. f3 Nf6 16. 0-0-0 Nd5 17. Bc5 Re8 18. c4 Nb6 19. b3 a4 20. Be2 axb3 21. axb3 e5 22. Rd6 Bb7 23. Rhd1 f5 24. R1d2 Kf7 25. Rd7+ Nxd7 26. Rxd7+ Kf6 27. Rxb7 a5 28. Rc7 Rec8 29. Rxc8 Rxc8 30. Kc2 g5 31. Bd6 e4 32. f4 c5 33. Be5+ Ke6 34. g3 gxf4 35. Bxf4 Rd8 36. Bd2 Ke5 37. Bc3+ Ke6 38. Bxa5 Ra8 39. Bc3 Ra2+ 40. Bb2 1-0

[Event "Titled Tuesday intern op 16th Jul Early"]
[Site "Chess.com INT"]
[Date "2024.07.16"]
[Round "1"]
[White "Skliarov, Viktor"]
[Black "Garmendia Vega, Gabriel"]
[Result "1-0"]
[WhiteElo "2345"]
[BlackElo "2019"]
[PlyCount "65"]
[EventDate "2024.07.16"]
[EventType "swiss (blitz)"]
[EventRounds "11"]
[EventCountry "USA"]
[SourceTitle "EXT 2025"]
[Source "ChessBase"]
[SourceDate "2024.10.14"]
[SourceVersion "1"]
[SourceVersionDate "2024.10.14"]
[SourceQuality "1"]

1. e4 c5 2. Nf3 e6 3. d4 cxd4 4. Nxd4 Bc5 5. Nb3 Bb6 6. c4 Ne7 7. Nc3 0-0 8. c5 Bc7 9. Nb5 Nbc6 10. Be2 f5 11. exf5 Nxf5 12. Nxc7 Qxc7 13. 0-0 b6 14. Bg5 bxc5 15. Nxc5 Ncd4 16. Rc1 Nxe2+ 17. Qxe2 Qb6 18. Rfd1 Rb8 19. b3 d6 20. Na4 Qb5 21. Qxb5 Rxb5 22. Rc7 Rb7 23. Rdc1 Rxc7 24. Rxc7 Ba6 25. Rxa7 Bb5 26. h3 h6 27. Be3 Nxe3 28. fxe3 Rf1+ 29. Kh2 Rf2 30. Nc3 Bc6 31. Rc7 Rxg2+ 32. Kh1 Bf3 33. a4 1-0

[Event "American Continental Rapid 18th"]
[Site "Medellin"]
[Date "2024.06.01"]
[Round "1"]
[White "Garmendia Vega, Gabriel"]
[Black "Rajkumar, Daniel"]
[Result "1-0"]
[WhiteElo "1987"]
[BlackElo "1707"]
[PlyCount "87"]
[EventDate "2024.06.01"]
[EventType "swiss (rapid)"]
[EventRounds "9"]
[EventCountry "COL"]
[SourceTitle "CBM 220 Extra"]
[Source "ChessBase"]
[SourceDate "2024.07.31"]
[SourceVersion "1"]
[SourceVersionDate "2024.07.31"]
[SourceQuality "1"]

1. d4 d5 2. Bf4 Nf6 3. e3 Bf5 4. c4 c6 5. Nc3 e6 6. Qb3 Qb6 7. c5 Qxb3 8. axb3 Nbd7 9. b4 Be7 10. b5 0-0 11. bxc6 bxc6 12. h3 Ne4 13. Nxe4 Bxe4 14. f3 Bg6 15. Kd2 f6 16. Bc7 Rfc8 17. Ba5 e5 18. Kc3 Nb8 19. Bd3 Bxd3 20. Kxd3 Nd7 21. Ne2 Rcb8 22. b4 Bd8 23. Bxd8 Rxd8 24. Ra6 Nb8 25. Ra5 Rd7 26. Rha1 Rb7 27. b5 cxb5 28. Nc3 Nc6 29. Rxb5 Rxb5 30. Nxb5 exd4 31. exd4 a6 32. Nc7 Rb8 33. Nxd5 Rd8 34. Rxa6 Ne5+ 35. dxe5 Rxd5+ 36. Kc4 Rxe5 37. c6 Re1 38. Kc5 Rc1+ 39. Kd6 Rd1+ 40. Ke6 Re1+ 41. Kd7 Rd1+ 42. Kc8 Kf8 43. c7 Rd2 44. Kb7 1-0

[Event "American Continental 18th"]
[Site "Medellin"]
[Date "2024.05.30"]
[Round "9"]
[White "Garmendia Vega, Gabriel"]
[Black "Valencia Quinchia, Isabella"]
[Result "1-0"]
[WhiteElo "1987"]
[BlackElo "1827"]
[PlyCount "57"]
[EventDate "2024.05.24"]
[EventType "swiss"]
[EventRounds "11"]
[EventCountry "COL"]
[SourceTitle "CBM 220 Extra"]
[Source "ChessBase"]
[SourceDate "2024.07.31"]
[SourceVersion "1"]
[SourceVersionDate "2024.07.31"]
[SourceQuality "1"]

1. e4 e5 2. Nf3 Nc6 3. Bb5 a6 4. Ba4 d6 5. 0-0 Bd7 6. c4 g6 7. d4 Bg7 8. Bxc6 Bxc6 9. dxe5 dxe5 10. Qc2 Ne7 11. Nc3 0-0 12. Bg5 h6 13. Rad1 Qe8 14. Bxe7 Qxe7 15. Rfe1 g5 16. Nd5 Bxd5 17. exd5 g4 18. Nd4 Qg5 19. Nf5 Rfe8 20. Qe4 Qf4 21. Rd3 Bf8 22. Rde3 Qg5 23. h4 Qg6 24. h5 Qxh5 25. Rg3 Kh8 26. Rxg4 Bb4 27. Re3 f6 28. Rh3 Qf7 29. Rxh6+ 1-0

[Event "American Continental 18th"]
[Site "Medellin"]
[Date "2024.05.27"]
[Round "5"]
[White "Garmendia Vega, Gabriel"]
[Black "Echavarria, Johann"]
[Result "0-1"]
[WhiteElo "1987"]
[BlackElo "2277"]
[PlyCount "68"]
[EventDate "2024.05.24"]
[EventType "swiss"]
[EventRounds "11"]
[EventCountry "COL"]
[SourceTitle "CBM 220 Extra"]
[Source "ChessBase"]
[SourceDate "2024.07.31"]
[SourceVersion "1"]
[SourceVersionDate "2024.07.31"]
[SourceQuality "1"]

1. e4 c5 2. Nf3 Nc6 3. Bb5 g6 4. Bxc6 bxc6 5. d4 Bg7 6. dxc5 Qa5+ 7. Nbd2 Ba6 8. Rb1 Rb8 9. a3 Qxc5 10. b4 Qb6 11. c4 Nf6 12. 0-0 0-0 13. Bb2 d5 14. Bd4 Qd8 15. e5 Ne4 16. Re1 Nxd2 17. Nxd2 dxc4 18. Ne4 Bc8 19. Bxa7 Rb7 20. Bc5 Bxe5 21. Qa4 Qc7 22. g3 Rd8 23. Rbc1 Be6 24. Be3 Bd5 25. Nd2 Qc8 26. Rxc4 Qh3 27. f3 Bxg3 28. Re2 Bxc4 29. Nxc4 Rbd7 30. Nd2 Rd3 31. Qa5 Bh4 32. Bf4 Bf6 33. Be3 Kg7 34. Qc7 Rxe3 0-1

[Event "Titled Tuesday intern op 03rd Oct Late"]
[Site "Chess.com INT"]
[Date "2023.10.03"]
[Round "11"]
[White "Garmendia Vega, Gabriel"]
[Black "Martinez Fernandez, Adrian"]
[Result "1/2-1/2"]
[WhiteElo "1967"]
[BlackElo "2421"]
[PlyCount "199"]
[EventDate "2023.10.03"]
[EventType "swiss (blitz)"]
[EventRounds "11"]
[EventCountry "USA"]
[SourceTitle "EXT 2025"]
[Source "ChessBase"]
[SourceDate "2024.10.14"]
[SourceVersion "1"]
[SourceVersionDate "2024.10.14"]
[SourceQuality "1"]

1. d4 d5 2. Bf4 Nf6 3. e3 Nc6 4. Nf3 Bg4 5. Nbd2 e6 6. Bd3 Bd6 7. c3 0-0 8. 0-0 e5 9. dxe5 Nxe5 10. Be2 Re8 11. Nxe5 Bxe2 12. Qxe2 Bxe5 13. Bxe5 Rxe5 14. Nf3 Re8 15. Rad1 Qe7 16. Nd4 c6 17. h3 Rad8 18. Qf3 Qe4 19. Rd2 Qxf3 20. gxf3 Nd7 21. Kg2 Nc5 22. b3 g6 23. Rfd1 Kg7 24. Ne2 Ne6 25. Nd4 Nxd4 26. Rxd4 Rc8 27. e4 dxe4 28. fxe4 Rc7 29. f3 c5 30. Rd7 Re7 31. Rxe7 Rxe7 32. c4 b6 33. Rd6 f5 34. exf5 Re2+ 35. Kg3 Rxa2 36. fxg6 hxg6 37. Kg4 Kf7 38. f4 Rb2 39. Rd7+ Kf6 40. Rxa7 Rxb3 41. Rc7 Rb4 42. Rc6+ Kf7 43. Kg5 Rxc4 44. Rxb6 Rc1 45. Rf6+ Ke7 46. Kxg6 c4 47. Rc6 Kd7 48. Rc5 Kd6 49. Rc8 Kd7 50. Ra8 c3 51. Ra4 Kd6 52. Rc4 Kd5 53. Rc8 c2 54. Kf6 Ke4 55. f5 Kf4 56. h4 Kg4 57. h5 Kxh5 58. Kf7 Kg4 59. f6 Kg5 60. Kg7 Kf5 61. Kf7 Ke5 62. Ke7 Kd5 63. Kf8 Rf1 64. Rxc2 Rxf6+ 65. Ke7 Rf5 66. Rd2+ Ke4 67. Re2+ Kd3 68. Ra2 Rf4 69. Ra3+ Kc2 70. Ra2+ Kb3 71. Ra7 Rh4 72. Rb7+ Kc3 73. Rc7+ Kb4 74. Rd7 Ka5 75. Rd6 Kb5 76. Rd5+ Kc6 77. Rf5 Rh7+ 78. Rf7 Rh5 79. Rf6+ Kc5 80. Ke6 Rh7 81. Rf5+ Kc6 82. Rf7 Rh6+ 83. Rf6 Rh1 84. Kf7+ Kd5 85. Kg6 Rg1+ 86. Kf7 Ke5 87. Re6+ Kd5 88. Rf6 Rh1 89. Rf5+ Ke4 90. Rf6 Ra1 91. Re6+ Kf5 92. Re7 Kg5 93. Re5+ Kh6 94. Re6+ Kh7 95. Re4 Rf1+ 96. Ke6 Kg7 97. Rg4+ Kf8 98. Ke5 Re1+ 99. Re4 Rxe4+ 100. Kxe4 1/2-1/2

[Event "Titled Tuesday intern op 03rd Oct Late"]
[Site "Chess.com INT"]
[Date "2023.10.03"]
[Round "8"]
[White "Garmendia Vega, Gabriel"]
[Black "Zakarian, David"]
[Result "1/2-1/2"]
[WhiteElo "1967"]
[BlackElo "2305"]
[PlyCount "98"]
[EventDate "2023.10.03"]
[EventType "swiss (blitz)"]
[EventRounds "11"]
[EventCountry "USA"]
[SourceTitle "EXT 2025"]
[Source "ChessBase"]
[SourceDate "2024.10.14"]
[SourceVersion "1"]
[SourceVersionDate "2024.10.14"]
[SourceQuality "1"]

1. d4 Nf6 2. Bf4 d5 3. e3 c5 4. Nd2 cxd4 5. exd4 a6 6. Ngf3 Bf5 7. c3 Nc6 8. Be2 e6 9. 0-0 Bd6 10. Bxd6 Qxd6 11. Re1 h6 12. Ne5 0-0 13. Ndf3 Ne4 14. Bd3 f6 15. Nxc6 bxc6 16. c4 a5 17. c5 Qf4 18. Qc1 Qc7 19. Nd2 Nxd2 20. Qxd2 Bxd3 21. Qxd3 e5 22. Qg3 Rae8 23. Re2 Qb8 24. Rae1 exd4 25. Qd3 Rxe2 26. Rxe2 Re8 27. g3 Kf7 28. Rxe8 Qxe8 29. Qxd4 Qe1+ 30. Kg2 Qe4+ 31. Qxe4 dxe4 32. f3 f5 33. fxe4 fxe4 34. Kf2 Ke6 35. Ke3 Kd5 36. g4 a4 37. b4 axb3 38. axb3 Kxc5 39. Kxe4 Kb4 40. Kd4 Kxb3 41. Kc5 Kc3 42. Kxc6 Kd4 43. Kd6 Ke4 44. Ke6 Kf4 45. Kf7 g5 46. Kg6 Kxg4 47. Kxh6 Kh4 48. h3 g4 49. hxg4 Kxg4 1/2-1/2

[Event "Titled Tuesday intern op 03rd Oct Late"]
[Site "Chess.com INT"]
[Date "2023.10.03"]
[Round "1"]
[White "Poltorak, Sebastian"]
[Black "Garmendia Vega, Gabriel"]
[Result "1-0"]
[WhiteElo "2362"]
[BlackElo "1967"]
[PlyCount "61"]
[EventDate "2023.10.03"]
[EventType "swiss (blitz)"]
[EventRounds "11"]
[EventCountry "USA"]
[SourceTitle "EXT 2025"]
[Source "ChessBase"]
[SourceDate "2024.10.14"]
[SourceVersion "1"]
[SourceVersionDate "2024.10.14"]
[SourceQuality "1"]

1. d4 Nf6 2. c4 g6 3. f3 d5 4. cxd5 Nxd5 5. e4 Nb6 6. Nc3 Bg7 7. Be3 0-0 8. Qd2 N8d7 9. 0-0-0 c6 10. h4 h5 11. g4 Nf6 12. e5 Nfd5 13. Nxd5 Nxd5 14. Bh6 Kh7 15. Bxg7 Kxg7 16. gxh5 Bf5 17. hxg6 fxg6 18. h5 Rh8 19. Bd3 Bxd3 20. Qxd3 Nf4 21. Qe4 Nxh5 22. Ne2 Qd5 23. Nc3 Qxe4 24. fxe4 e6 25. d5 cxd5 26. exd5 exd5 27. Rxd5 Rad8 28. Rhd1 Rxd5 29. Rxd5 Rf8 30. Rd7+ Rf7 31. e6 1-0